000 00460nam a22001457a 4500
999 _c5160
_d5160
008 170301b xxu||||| |||| 00| 0 eng d
020 _a978-1-40484-4
082 _a658.152 DAL
100 _aDALTON,Tony
245 _aCash Management
_bMaking your business cash-rich without breaking the bank
_cTony Dalton
_hEnglish
260 _aGreat Britain
_bA and B Black Publishers Limited
_c2007
300 _a163p
_c19cm
650 _2Cash Management
942 _2ddc
_cBOOKS